| 000 | 01058cam a22001814a 4500 | ||
|---|---|---|---|
| 005 | 20250605164401.0 | ||
| 008 | 250528s ||||||||||||||||||||||||d | ||
| 035 | _a24585 | ||
| 040 |
_aGR-AtMCL _bgre _dGR-AtMCL _eAACR2 |
||
| 245 | 1 | _aΔιαβατήριο για μια Επιτυχημένη Επαγγελματική Πορεία σε Κλάδους Αιχμής / Αφιέρωμα: Τουριστική Εκπαίδευση | |
| 260 |
_bΚάπα Σίγμα Δέλτα Α.Ε, _c2021 |
||
| 300 | _a74 | ||
| 520 | _aPhocus Wire: Οι Πρακτικές της Booking Βάζουν 'Τρικοποδιά' στους Ξενοδόχους, Oliver Wyman: Τα 2/3 των Ευρωπαίων Αισθάνονται Ανασφαλείς να Ταξιδέψουν, Θανάσης Γιαλούρης: Οι Εμπορικές Εκθέσεις Επαναλειτουργούν από 1η Σεπτεμβρίου. | ||
| 700 | 1 |
_aΔεριζιώτης Κωνσταντίνος Στ _99484 |
|
| 942 | _cCR | ||
| 999 |
_c9455 _d9455 |
||